000 00643nam a22002291i 4500
001 14153
003 ES-MaACL
005 20250523062553.0
007 t|
008 900725s1981 sp ||||0| spa j
016 7 _zIND9200340327
020 _a84-85708-13-X
040 _aM-BN
_bspa
_cA2
080 _a860-14"19"
100 1 _aGarcía Calvo, Agustín,
_d1926-2012
_eaut
_9233841
245 1 0 _aDel tren
_b: [83 notas o canciones] /
_cAgustín García Calvo.
260 _aMadrid :
_bLucina,
_cD.L. 1981.
300 _a196 p. ;
_c19 cm.
852 _aES-MaACL
_jL-21439
_bR.126739
942 _2udc
999 _c14153
_d14153